Piłkarze Manchesteru City - nagła śmierć - Statystyki

Ogólne statystyki
  • Ten quiz został rozwiązany 260 razy
  • Średni wynik to 6 z 10
Answers on the Grid
Answers color-coded by a green-red scale on the quiz's grid according to % correct below.
Erling Haaland
Cole Palmer
Kyle Walker
Ederson
Ousmane Dembele
Abdukodir Khusanov
Omar Marmoush
Savinho
Mohamed Salah
Jeremy Doku
Alexis Mac Allister
Ruben Dias
Alex Grimaldo
Patrick Schick
Joško Gvardiol
Allison
Rodri
Weston McKennie
 
Statystyki odpowiedzi
Odpowiedź % Poprawnych
Erling Haaland
98%
Ederson
68%
Kyle Walker
63%
Ruben Dias
63%
Rodri
61%
Omar Marmoush
59%
Jeremy Doku
59%
Joško Gvardiol
59%
Savinho
56%
Abdukodir Khusanov
55%
Nie znaleziono quizów pasujących do podanych kryteriów
Rozkład punktacji
Procent ludzi z każdym wynikiem
Percentyl według liczby udzielonych odpowiedzi
Twoja historia wyników
Nie rozwiązałeś tego quizu